000 01098nam a22001817a 4500
999 _c63771
_d63771
003 Ge_BSU
005 20260112173356.0
008 260112s1972 ge ||||| |||| 00| 0 geo d
041 _ageo
080 _a911.3:33(100)(075.3) ს-17
245 _aსაზღვარგარეთის ქვეყნების ეკონომიური გეოგრაფია :
_b საშ. სკოლის დამხმ. სახელმძღვ. /
_cა.გ. არტემიევა, ვ.პ. მაქსაკოვსკი, ს.ნ. რაკოვსკი [და სხვ.]; ვ. მაქსაკოვსკის რედაქციით.
250 _aმე-8 გამოცემა
264 _aთბ. :
_bგანათლება,
_c1972.
300 _a495 გვ. :
_bილ. ;
_c22 სმ.
504 _aტერმინის ლექსიკონი: გვ. 490-495.
653 _aსაზღვარგარეთის ქვეყნების ეკონომიური გეოგრაფია
942 _2udc
_cᲬᲘᲒᲜᲘ